Alva Hajn : 1938-1991 : obrazy, objekty, kresby : Galerie města Kolína při Městském divadle v Kolíně, 15.10.-31.12.2014 : Galerie Felixe Jeneweina města Kutné Hory, 14.11.-31.12.2014 /

Hlavní autor: Hajn, Alva, 1938-1991
Korporativní autor: Galerie města Kolína
Další autoři: Rezler, Aleš, 1964-, Galerie Felixe Jeneweina (Kutná Hora, Česko)
Jazyk: Čeština
Vydáno: Kolín : Kutná Hora : Městské divadlo v Kolíně ;Galerie Felixe Jeneweina města Kutné Hory, 2014
Témata:
Fyzický popis: [56] s. : il. (některé barev.), 1 portrét ; 21 cm
Knihy
Uloženo v:
LEADER 02427nam a2200577 a 4500
001 nkc20142631443
003 CZ PrNK
005 20141204105844.0
007 ta
008 141113s2014 xr ac e c 000 0dcze
020 |a 978-80-905328-4-7  |q (Galerie Felixe Jeneweina :  |q brož.) 
040 |a ABA001  |b cze 
043 |a e-xr--- 
045 |a x6x9 
072 7 |a 72/76  |x Výtvarné umění  |2 Konspekt  |9 21 
080 |a 75(437.3)  |2 MRF 
080 |a 741/744(437.3)  |2 MRF 
080 |a 7.038.544  |2 MRF 
080 |a 7.036/.038  |2 MRF 
080 |a (437.3)  |2 MRF 
080 |a (083.824)  |2 MRF 
100 1 |a Hajn, Alva,  |d 1938-1991  |7 jn19990003079  |4 art 
245 1 0 |a Alva Hajn :  |b 1938-1991 : obrazy, objekty, kresby : Galerie města Kolína při Městském divadle v Kolíně, 15.10.-31.12.2014 : Galerie Felixe Jeneweina města Kutné Hory, 14.11.-31.12.2014 /  |c [text ... Aleš Rezler] 
246 1 |i Název v tiráži:  |a Katalog výstavy Alva Hajn 1938-1991 
246 3 |a Obrazy, objekty, kresby - Alva Hajn 
260 |a Kolín :  |b Městské divadlo v Kolíně ;  |a Kutná Hora :  |b Galerie Felixe Jeneweina města Kutné Hory,  |c 2014 
300 |a [56] s. :  |b il. (některé barev.), 1 portrét ;  |c 21 cm 
500 |a 200 výt. 
500 |a Životopisná data, přehled výstav, realizací a zastoupení ve sbírkách 
504 |a Obsahuje bibliografické odkazy 
600 1 7 |a Hajn, Alva,  |d 1938-1991  |7 jn19990003079  |2 czenas 
648 4 |a 1968-1990 
648 7 |a 20. století  |7 ch460558  |2 czenas 
650 0 7 |a české malířství  |7 ph116864  |y 20. stol.  |2 czenas 
650 0 7 |a česká kresba  |7 ph116857  |y 20. stol.  |2 czenas 
650 0 7 |a objekty (umění)  |7 ph123590  |z Česko  |2 czenas 
650 0 7 |a moderní umění  |7 ph115340  |z Česko  |2 czenas 
650 0 9 |a Czech painting  |y 20th century  |2 eczenas 
650 0 9 |a Czech drawing  |y 20th century  |2 eczenas 
650 0 9 |a objects (art)  |z Czechia  |2 eczenas 
650 0 9 |a modern art  |z Czechia  |2 eczenas 
655 7 |a katalogy výstav  |7 fd132536  |2 czenas 
655 9 |a exhibition catalogs  |2 eczenas 
700 1 |a Rezler, Aleš,  |d 1964-  |7 jn20001005676  |4 wfw 
710 2 |a Galerie města Kolína  |7 pna2013754789 
710 2 |a Galerie Felixe Jeneweina (Kutná Hora, Česko)  |7 kn20010709022 
910 2 |a BOA001  |b 2-1335.553 
990 |a BK 
995 |a 11 
991 |b 201411  |c NOV  |e n 
996 6 |b 2610612377  |c 2-1335.553  |l MZK  |r Sklad / do 1 hodiny  |n 0  |p p.v.  |w 001472611  |u 000010  |a 1  |e BOA001  |j MZK50  |s P